| 000 | 00554nam a2200157Ia 4500 | ||
|---|---|---|---|
| 008 | 240729s9999 xx 000 0 und d | ||
| 022 | _a3027-1819 | ||
| 245 | 0 | _aInternational Journal of Home Economics, Hospitality and Allied Research | |
| 260 | _aNigeria | ||
| 260 | _bDepartment of Home Economics & Hospitality Management Education, University of Nigeria, P.M.B. 41001, Nsukka, Nigeria. | ||
| 650 | _a Home economics | ||
| 650 | _aTechnology | ||
| 856 | _uhttps://doaj.org/toc/826a1b161368467cad3ac619002f4459 | ||
| 942 | _2ddc | ||
| 942 | _cDOAJEJ | ||
| 999 |
_c73457 _d73457 |
||
| 945 |
_a1 _bMadushi Gamage _c1 _dMadushi Gamage |
||